[Event "Agartala Tripura Dutta Memorial 2nd"]
[Site "Agartala Tripura"]
[Date "2022.08.17"]
[Round "8"]
[White "Yuwan, Das"]
[Black "Rios, Cristhian Camilo"]
[Result "0-1"]
[WhiteElo "1530"]
[BlackElo "2431"]
[PlyCount "60"]
[EventDate "2022.08.13"]
[EventType "swiss"]
[EventRounds "10"]
[EventCountry "IND"]
[SourceTitle "EXT 2023"]
[Source "ChessBase"]
[SourceDate "2022.10.05"]
[SourceVersion "1"]
[SourceVersionDate "2022.10.05"]
[SourceQuality "1"]

1. e4 c5 2. Nf3 d6 3. c3 Nf6 4. Be2 Bg4 5. 0-0 e6 6. d3 Nc6 7. Nbd2 Be7 8. Re1 d5 9. e5 Nd7 10. Qa4 Bf5 11. Nf1 0-0 12. d4 Qb6 13. Bb5 cxd4 14. Bxc6 Nc5 15. Qxd4 bxc6 16. Ng3 Bg6 17. Bg5 Bxg5 18. Nxg5 Nd3 19. Qxb6 axb6 20. Re2 Ra4 21. a3 h5 22. Nf3 h4 23. Nf1 h3 24. g3 Re4 25. Rxe4 Bxe4 26. N1d2 Bxf3 27. Nxf3 Nxb2 28. Nd4 c5 29. Nc2 Na4 30. Rb1 Rb8 0-1